000 00253nam a2200121Ia 4500
100 _a#N/A
650 _aComputer/ IT
942 _cBK
654 _aMICROSOFT
245 _aMICROSOFT Access 2000 / 2002 /XP Advanced
260 _b#N/A
546 _aENGLISH
999 _c22404
_d22404